Statistics for Conspiracy Theories - Mostly U.S.

Click here to take the quiz!

General Stats

  • This quiz has been taken 37,998 times
    (27,176 since last reset)
  • The average score is 14 of 20

Answer Stats

HintAnswer% Correct
The destruction of these towers was caused by controlled demolitions, not airplanesWorld Trade Center
94%
This U.S. military "area" exists to investigate extraterrestrialsArea 51
92%
Franklin D. Roosevelt had advance knowledge of the attack on this naval basePearl Harbor
90%
This 1969 event was faked - filmed in a "Hollywood basement"Moon Landing
86%
This singer didn't actually die in 1977Elvis Presley
85%
The death of this person was ordered by the Mafia, or the Soviets, or there was
a second shooter on the grassy knoll
John F. Kennedy
85%
This person did not commit suicide in 1945, but instead escaped to South AmericaAdolf Hitler
84%
Queen Elizabeth ordered the death of this person in 1997Princess Diana
84%
This billionaire is responsible for an effort to put microchips into Covid vaccinesBill Gates
78%
The CIA tried to assassinate this world leader with an exploding cigarFidel Castro
76%
The prison hanging of this sex trafficker in 2019 was murder, not suicideJeffrey Epstein
74%
This scientific theory, promoted by people such as Al Gore, is a hoaxClimate Change
64%
In the 1980s, the CIA introduced this drug into African-American neighborhoodsCrack
59%
This musician was murdered by Courtney LoveKurt Cobain
57%
An alien spacecraft crashed near this city in New Mexico in 1947Roswell
56%
Putting this substance into drinking water doesn't prevent cavities –
it's a communist plot to make the population more docile
Fluoride
53%
This current world leader is actually the son of the above, not his supposed father PierreJustin Trudeau
49%
Jesus was married to this Biblical character (and their descendants are alive today)Mary Magdalene
45%
This family of Jewish bankers is behind a vast conspiracy to create a New World OrderRothschild
45%
This singer did die in 1966 and was replaced with a lookalikePaul McCartney
43%

Score Distribution

Percentile by Number Answered

Percent of People with Each Score

Your Score History

You have not taken this quiz since the last reset